000 00428nam a22001217a 4500
082 _aTHE 200
100 _aIKRAM UL HAQUE
_972555
245 _aTH-SOF-0914-ANALYSIS AND OPTIMIZATION OF HEAT TREATMENT PARAMETERS USING TAGUCHI S ROBUST DESIGN METHODOLOGY TO A PROCESS A CASE STUDY
260 _aNUST COLLEGE OF EME
_bISLAMABAD
_c2001
650 _aMS-EM-7 MSTHESIS
_969831
700 _a DR AKHTAR NAWAZ MALIK
_916099
942 _cCF
999 _c578554
_d578554